| 000 | 00973nac a22002777a 4500 | ||
|---|---|---|---|
| 001 | BR8804926 | ||
| 003 | BR-BrBNA | ||
| 005 | 20240105120820.0 | ||
| 008 | 230509b bl.|||m| |||| 00| 0 por d | ||
| 040 |
_aBR-BrBNA _bpor _cBiblioteca Nacional de Agricultura |
||
| 072 | _aE10; E16; E70 | ||
| 090 | _aE10 BR8804926 | ||
| 110 | 1 |
_aSecretaria do Planejamento, Ciencia e Tecnologia, Salvador, BA (Brasil). Centro de Estatistica e Informacoes _99094 |
|
| 245 | 1 | _aInforme conjuntural [Bahia] | |
| 260 | 3 |
_aSalvador, BA (Brasil): _c1983. |
|
| 300 | _a70 p. | ||
| 490 |
_aInforme Conjuntural - Secretaria do Planejamento, Ciencia e Tecnologia. Centro de Estatistica e Informacoes (Brazil) _vno. 20 _xISSN 0101-6377 |
||
| 650 | _aINDICADOR ECONOMICO | ||
| 650 | _aINDICADOR SOCIAL | ||
| 650 | _aESTATISTICA DE PRODUCAO | ||
| 650 | _aCOMERCIO | ||
| 650 | _aMAO-DE-OBRA | ||
| 650 | _aBAHIA | ||
| 909 |
_a202312 _bLúcia Elande _c55 _dLúcia Elande |
||
| 942 |
_2AGRIS _n0 _cMS |
||
| 999 |
_c281584 _d281584 |
||